Lecciones sobre la estética
En la introducción, Hegel deja claro de inmediato que se ocupara de la estética, sobre la que de seguido hace aclaraciones igual de determinantes: establece el objeto de esta ciencia como “el vasto reino de lo bello”, el cual se enmarca en el campo de estudio del “arte”, precisando “el arte de lo be...
Tallennettuna:
| Päätekijä: | |
|---|---|
| Aineistotyyppi: | Kirja |
| Kieli: | Undetermined |
| Julkaistu: |
Madrid, España
Mestas ediciones
2003
|
| Aiheet: | |
| Tagit: |
Lisää tagi
Ei tageja, Lisää ensimmäinen tagi!
|
MARC
| LEADER | 00000nam a2200000Ia 4500 | ||
|---|---|---|---|
| 008 | 170316s9999 xx 000 0 und d | ||
| 040 | |a cru BVZT | ||
| 090 | |a 100 H-12Le | ||
| 100 | |a Hegel, G. W.F. |q / Hegel, George Wilhelm Friedrich | ||
| 245 | |a Lecciones sobre la estética |c / George Wilhelm Friedrich Hegel | ||
| 260 | |a Madrid, España |b Mestas ediciones |c 2003 | ||
| 300 | |a 283 páginas | ||
| 520 | |a En la introducción, Hegel deja claro de inmediato que se ocupara de la estética, sobre la que de seguido hace aclaraciones igual de determinantes: establece el objeto de esta ciencia como “el vasto reino de lo bello”, el cual se enmarca en el campo de estudio del “arte”, precisando “el arte de lo bello”. La obra tiene gran cantidad de apartados y secciones, pero en general se divide en tres grandes partes o volúmenes: 1) La idea de lo bello artístico o el ideal, 2) Desarrollo del ideal en las formas particulares de lo bello artístico y 3) El sistema de las artes singulares | ||
| 650 | |a FILOSOFÍA |9 5 | ||
| 650 | |a HEGEL | ||
| 650 | |a ESTÉTICA | ||
| 650 | |a EL ARTE | ||
| 999 | |c 1000 |d 1000 | ||
| 942 | |c SALA |h 100 H-12Le |2 z | ||
